000 00617nam a2200217Ia 4500
999 _c45234
_d45234
001 12057
003 GE_BSU
005 20221118165255.0
008 181216s2010en xx |||||||||||||| ||eng||
020 _a9780061583223x
040 _cGE_BSU
041 _aeng
080 _a821.111-32 F-94
100 _aFrost, Jeaniene
_915946
245 _aFirst drop of crimson /
_cJeaniene Frost.
264 _aNew York :
_bAn imprint of Harper Collins publishers,
_c2010.
300 _a371p.:
_b18 cm.
653 _aFirst drop of crimson
653 _aჟოლოს პირველი წვეთი
942 _cBK
_2udc